[Event "C.to Provinciale CO"]
[Site "Como ITA"]
[Date "2001.02.09"]
[Round "5"]
[White "Perissinotto, Claudio"]
[Black "Rossi, Giampiero"]
[Result "1-0"]
[WhiteElo "2108"]
[BlackElo "2174"]
[PlyCount "63"]
[EventDate "2001.01.12"]

1. e4 c5 2. Nf3 e6 3. d4 cxd4 4. Nxd4 a6 5. Bd3 Nc6 6. Nxc6 dxc6 7. Nd2 e5 8.
Qh5 Bd6 9. Nc4 Bc7 10. Bg5 Nf6 11. Qe2 h6 12. Bh4 Qe7 13. O-O-O Be6 14. Kb1
O-O-O 15. f3 Rhe8 16. Bf2 Nd7 17. Ne3 Nc5 18. Bc4 b5 19. Bxe6+ Nxe6 20. Nf5 Qf8
21. Qe3 Rxd1+ 22. Rxd1 Rd8 23. Rc1 g6 24. Nxh6 Nf4 25. Ng4 Nxg2 26. Qa7 Qd6 27.
Bc5 Qd2 28. Qxa6+ Kd7 29. Nf6+ Ke6 30. Qxc6+ Bd6 31. Nd5 Nf4 32. Bxd6 1-0

[Event "C.to Provinciale CO"]
[Site "Como ITA"]
[Date "2001.02.09"]
[Round "5"]
[White "Rossi, Silio"]
[Black "Revinelli, Sergio"]
[Result "0-1"]
[WhiteElo "1522"]
[BlackElo "1669"]
[PlyCount "66"]
[EventDate "2001.01.12"]

1. b4 e6 2. Bb2 Nf6 3. a3 c5 4. c3 d5 5. e3 Bd7 6. Nf3 Nc6 7. d4 c4 8. Nbd2 b5
9. a4 a6 10. a5 Bd6 11. Be2 Qc7 12. Ba3 O-O-O 13. Ng5 Rdf8 14. g3 e5 15. Ngf3
h6 16. dxe5 Nxe5 17. Nb1 Bf5 18. Nd4 Bd3 19. O-O h5 20. Bxd3 Nxd3 21. Nf5 g5
22. f4 gxf4 23. exf4 Rfg8 24. Qf3 Bxf4 25. Rd1 h4 26. Rxd3 cxd3 27. Qxd3 hxg3
28. hxg3 Bxg3 29. Qf3 Ne4 30. Kf1 Qc4+ 31. Qe2 Rh1+ 32. Kg2 Qxe2+ 33. Kxh1 Qf1#
0-1

[Event "C.to Provinciale CO"]
[Site "Como ITA"]
[Date "2001.02.16"]
[Round "6"]
[White "Bellotto, Stefano"]
[Black "Rossi, Silio"]
[Result "1-0"]
[WhiteElo "1797"]
[BlackElo "1522"]
[PlyCount "87"]
[EventDate "2001.01.12"]

1. d4 Nf6 2. c4 e6 3. Nc3 Bb4 4. e3 Ne4 5. Qc2 Nxc3 6. bxc3 Ba5 7. Bd3 h6 8.
Ba3 c6 9. Nf3 Bc7 10. O-O d6 11. Rae1 Nd7 12. e4 b6 13. Nd2 Bb7 14. f4 c5 15.
Qd1 Qe7 16. e5 dxe5 17. fxe5 Qg5 18. Ne4 Qe7 19. Qg4 Qf8 20. Ng3 Qg8 21. Nh5 g6
22. Nf6+ Nxf6 23. exf6 O-O-O 24. Bc2 Kb8 25. dxc5 Rd2 26. Re2 Qd8 27. Ref2 h5
28. Qg5 Ba6 29. Rxd2 Qc8 30. Bb3 b5 31. cxb5 Bxb5 32. Rb1 Qe8 33. Ba4 a6 34. c4
Ba5 35. cxb5 Qc8 36. Rd6 Qb7 37. c6 Bb6+ 38. Kh1 Qc7 39. bxa6 Qa7 40. Qb5 Kc8
41. Qxb6 Qxb6 42. Rxb6 Rd8 43. a7 Rxd6 44. Bxd6 1-0

[Event "C.to Provinciale CO"]
[Site "Como ITA"]
[Date "2001.02.16"]
[Round "6"]
[White "Corti, Corrado"]
[Black "Pede, Lucio"]
[Result "1-0"]
[WhiteElo "2034"]
[BlackElo "1630"]
[PlyCount "63"]
[EventDate "2001.01.12"]

1. e4 e5 2. Nf3 Nc6 3. Bc4 Bc5 4. c3 Qf6 5. O-O Na5 6. Be2 Nc6 7. d3 Nge7 8. a4
a5 9. Na3 Bxa3 10. Rxa3 O-O 11. d4 exd4 12. cxd4 d5 13. e5 Qg6 14. Bd3 f5 15.
Bb1 Nb4 16. Ng5 h6 17. Nh3 Ra6 18. Nf4 Qe8 19. Rg3 Ng6 20. Nh5 f4 21. Bxg6 Rxg6
22. Nxf4 Rxg3 23. hxg3 Bf5 24. Qb3 Bc2 25. Qc3 g5 26. Nxd5 Be4 27. Nf6+ Rxf6
28. exf6 Nd5 29. Qxa5 Qh5 30. f3 Nf4 31. Bxf4 gxf4 32. Qxh5 1-0

[Event "C.to Provinciale CO"]
[Site "Como ITA"]
[Date "2001.02.16"]
[Round "6"]
[White "Larghi, Riccardo"]
[Black "Coppola, Guido"]
[Result "1/2-1/2"]
[WhiteElo "1827"]
[BlackElo "1860"]
[PlyCount "56"]
[EventDate "2001.01.12"]

1. e4 c5 2. Nf3 d6 3. d4 cxd4 4. Nxd4 Nf6 5. Nc3 a6 6. Bc4 e6 7. a4 Qc7 8. Ba2
Be7 9. O-O O-O 10. Kh1 e5 11. Nde2 Be6 12. f4 Bxa2 13. Rxa2 Nbd7 14. Ng3 Rfe8
15. Nf5 Bf8 16. Qf3 exf4 17. Qxf4 Qc4 18. Ne3 Qe6 19. Ned5 Nxd5 20. exd5 Qg6
21. Bd2 Nf6 22. b3 Ne4 23. Nxe4 Rxe4 24. Qf3 Rae8 25. c4 Re2 26. Rb2 R2e4 27.
Bc1 Be7 28. Re2 Bf6 1/2-1/2

[Event "C.to Provinciale CO"]
[Site "Como ITA"]
[Date "2001.02.16"]
[Round "6"]
[White "Napoli, Ferdinando"]
[Black "Lancianese, Giuseppe"]
[Result "1-0"]
[WhiteElo "1537"]
[BlackElo "1606"]
[PlyCount "47"]
[EventDate "2001.01.12"]

1. e4 c5 2. Nf3 d6 3. d4 cxd4 4. Nxd4 Nf6 5. Nc3 a6 6. Bg5 e6 7. f4 Be7 8. Qf3
Qc7 9. O-O-O O-O 10. g4 Nc6 11. Nxc6 bxc6 12. Bc4 Bb7 13. Bb3 c5 14. Rhe1 Rab8
15. Qe2 Rfc8 16. a3 Qb6 17. e5 dxe5 18. fxe5 Nd5 19. Bxe7 Nxc3 20. bxc3 c4 21.
Ba4 Bd5 22. Bb4 a5 23. Bd6 Rb7 24. Qe3 1-0

[Event "C.to Provinciale CO"]
[Site "Como ITA"]
[Date "2001.02.16"]
[Round "6"]
[White "Perissinotto, Claudio"]
[Black "Buonocore, Elio"]
[Result "1-0"]
[WhiteElo "2108"]
[BlackElo "2091"]
[PlyCount "53"]
[EventDate "2001.01.12"]

1. e4 e5 2. Nf3 Nf6 3. Nxe5 d6 4. Nf3 Nxe4 5. c4 Be7 6. Nc3 Nxc3 7. dxc3 Nc6 8.
Bd3 Bg4 9. Bf4 Qd7 10. Qc2 Bxf3 11. Bf5 Qd8 12. gxf3 g6 13. Be4 Qd7 14. O-O-O
O-O-O 15. Qa4 g5 16. Be3 f5 17. Bd5 a6 18. Rhe1 Bf6 19. c5 Rde8 20. cxd6 Qxd6
21. Bc4 Qxh2 22. Bxa6 Nb8 23. Qb5 bxa6 24. Qxf5+ Kb7 25. Qxf6 h6 26. Rh1 Qe5
27. Qxe5 1-0

[Event "C.to Provinciale CO"]
[Site "Como ITA"]
[Date "2001.02.16"]
[Round "6"]
[White "Revinelli, Sergio"]
[Black "Orsenigo, Davide"]
[Result "1-0"]
[WhiteElo "1669"]
[BlackElo "1555"]
[PlyCount "63"]
[EventDate "2001.01.12"]

1. e4 c5 2. Nf3 d6 3. d4 cxd4 4. Nxd4 Nf6 5. Nc3 a6 6. Be2 e5 7. Nb3 Be7 8. O-O
O-O 9. a4 Be6 10. f4 Qc7 11. Kh1 Bc4 12. f5 Nbd7 13. g4 Rfd8 14. g5 Ne8 15. a5
Rac8 16. Ra4 Bxe2 17. Qxe2 Nc5 18. Nd5 Qd7 19. Nb6 Qc7 20. Nxc8 Rxc8 21. Nxc5
dxc5 22. b3 Nd6 23. f6 Bf8 24. Bb2 Re8 25. Qf3 g6 26. Re1 Nb5 27. Ra2 Nd4 28.
Bxd4 cxd4 29. Qd3 Bb4 30. Re2 Rc8 31. Ra4 Qd6 32. Qh3 1-0

[Event "C.to Provinciale CO"]
[Site "Como ITA"]
[Date "2001.02.16"]
[Round "6"]
[White "Rossi, Giampiero"]
[Black "Corti, Filippo"]
[Result "1-0"]
[WhiteElo "2174"]
[BlackElo "1633"]
[PlyCount "41"]
[EventDate "2001.01.12"]

1. d4 Nf6 2. c4 g6 3. g3 Bg7 4. Bg2 d6 5. Nc3 O-O 6. Nf3 Nbd7 7. O-O e5 8. Qc2
c6 9. Rd1 Qc7 10. b3 Rb8 11. Ba3 Ne8 12. dxe5 Nxe5 13. Nxe5 Bxe5 14. Rac1 Qa5
15. Bb2 Bf5 16. e4 Bg4 17. f3 Bd7 18. Qd2 b5 19. cxb5 cxb5 20. Nd5 Qxa2 21.
Ne7+ 1-0

[Event "C.to Provinciale CO"]
[Site "Como ITA"]
[Date "2001.02.23"]
[Round "7"]
[White "Buonocore, Elio"]
[Black "Rossi, Giampiero"]
[Result "1-0"]
[WhiteElo "2091"]
[BlackElo "2174"]
[PlyCount "61"]
[EventDate "2001.01.12"]

1. e4 c5 2. Nf3 e6 3. d4 cxd4 4. Nxd4 a6 5. Nc3 Qc7 6. Be2 Nf6 7. O-O Nc6 8.
Kh1 Nxd4 9. Qxd4 d6 10. Bg5 Be7 11. f4 O-O 12. e5 Ne8 13. Bxe7 Qxe7 14. Ne4 d5
15. Ng5 h6 16. Nf3 Bd7 17. Bd3 Bc6 18. Qe3 Nc7 19. Nd4 Qc5 20. Rae1 Rfe8 21. g4
Nb5 22. Bxb5 Bxb5 23. Rf3 Rac8 24. f5 exf5 25. gxf5 f6 26. e6 Re7 27. Rg1 Be8
28. Rh3 h5 29. c3 Qb6 30. Qh6 Qxb2 31. Qxf6 1-0

[Event "C.to Provinciale CO"]
[Site "Como ITA"]
[Date "2001.02.23"]
[Round "7"]
[White "Corti, Filippo"]
[Black "Corti, Corrado"]
[Result "1-0"]
[WhiteElo "1633"]
[BlackElo "2034"]
[PlyCount "95"]
[EventDate "2001.01.12"]

1. Nf3 d5 2. g3 c5 3. Bg2 Nc6 4. d3 e5 5. Nbd2 Nf6 6. O-O Be7 7. e4 d4 8. Nc4
Qc7 9. a4 O-O 10. Ng5 h6 11. Nh3 Bg4 12. f3 Bh5 13. Qe1 Nb4 14. Qf2 Nd7 15. f4
f5 16. exf5 Rxf5 17. Be4 Rff8 18. Qg2 Bg4 19. Nf2 Nxc2 20. Nxg4 Nxa1 21. Bd2
Nb3 22. Bd5+ Kh7 23. Qe4+ g6 24. Ngxe5 Nxe5 25. Nxe5 Qb6 26. Bxb3 Qxb3 27.
Qxg6+ Kh8 28. Qxh6+ Kg8 29. Ng6 Bf6 30. Nxf8 Rxf8 31. Qg6+ Bg7 32. Re1 Qf7 33.
Qxf7+ Kxf7 34. f5 Bf6 35. g4 Rg8 36. h3 Bg5 37. Bxg5 Rxg5 38. Kf2 Rg8 39. Kf3
Rh8 40. Kg3 a6 41. a5 Rh6 42. g5 Rc6 43. Re6 Rxe6 44. fxe6+ Kxe6 45. h4 Ke5 46.
g6 Kf6 47. h5 Kg7 48. Kf4 1-0

[Event "C.to Provinciale CO"]
[Site "Como ITA"]
[Date "2001.02.23"]
[Round "7"]
[White "Grassetto, Gilberto"]
[Black "Bellotto, Stefano"]
[Result "0-1"]
[WhiteElo "1543"]
[BlackElo "1797"]
[PlyCount "92"]
[EventDate "2001.01.12"]

1. d4 d5 2. Nf3 e6 3. c4 c6 4. cxd5 exd5 5. a3 Nf6 6. Nc3 Bd6 7. Bg5 Nbd7 8. e3
h6 9. Bh4 O-O 10. Bd3 Re8 11. Qc2 b6 12. Ne2 Bb7 13. Bf5 Qc7 14. Bg3 Ne4 15.
Bxd7 Qxd7 16. Bxd6 Qxd6 17. O-O Rac8 18. Rac1 Rc7 19. Qb1 a5 20. Nc3 Qe6 21.
Qd3 Rec8 22. Rfd1 Nd6 23. Nd2 b5 24. e4 b4 25. Na4 Nxe4 26. Re1 Qf6 27. Nxe4
dxe4 28. Rxe4 c5 29. d5 c4 30. Rexc4 Qa6 31. b3 bxa3 32. d6 Rxc4 33. Rxc4 Rxc4
34. bxc4 Qc6 35. f3 a2 36. Qd1 Bc8 37. c5 Bd7 38. Nb2 Qxc5+ 39. Kh1 Qc3 40. Qa1
a4 41. h3 a3 42. Qxa2 axb2 43. Qa8+ Kh7 44. Qe4+ g6 45. Kh2 Qc1 46. Qd5 Be6 0-1

[Event "C.to Provinciale CO"]
[Site "Como ITA"]
[Date "2001.02.23"]
[Round "7"]
[White "Larghi, Riccardo"]
[Black "Perissinotto, Claudio"]
[Result "1-0"]
[WhiteElo "1827"]
[BlackElo "2108"]
[PlyCount "55"]
[EventDate "2001.01.12"]

1. Nf3 Nf6 2. b3 d6 3. Bb2 e5 4. e3 Nc6 5. Bb5 Bd7 6. d3 a6 7. Bxc6 Bxc6 8.
Nbd2 Be7 9. O-O O-O 10. c4 Re8 11. Rc1 Bf8 12. e4 Qd7 13. Re1 Rad8 14. Nf1 g6
15. Ne3 Bh6 16. Rc2 Qc8 17. Nd5 Nh5 18. Bc1 Bg7 19. Bg5 f6 20. Be3 Bd7 21. c5
Be6 22. cxd6 Bxd5 23. Rxc7 Qb8 24. exd5 Rxd6 25. Qc2 Rxd5 26. g4 Nf4 27. Bxf4
exf4 28. Qc4 1-0

[Event "C.to Provinciale CO"]
[Site "Como ITA"]
[Date "2001.02.23"]
[Round "7"]
[White "Napoli, Ferdinando"]
[Black "Revinelli, Sergio"]
[Result "0-1"]
[WhiteElo "1537"]
[BlackElo "1669"]
[PlyCount "96"]
[EventDate "2001.01.12"]

1. d4 d5 2. c4 c6 3. Nf3 Nf6 4. Nc3 e6 5. e3 Nbd7 6. Bd3 dxc4 7. Bxc4 b5 8. Bd3
a6 9. e4 c5 10. d5 c4 11. dxe6 cxd3 12. exd7+ Qxd7 13. O-O b4 14. Nd5 Nxd5 15.
exd5 Qxd5 16. Re1+ Be7 17. Qa4+ Qb5 18. Qxb5+ axb5 19. Ne5 Be6 20. Nxd3 O-O 21.
Nf4 b3 22. Nxe6 fxe6 23. Rxe6 Rxa2 24. Rb1 Kf7 25. Re3 Rfa8 26. Re1 Bf6 27. Kf1
Kg6 28. f3 Ra1 29. Bd2 Rxb1 30. Rxb1 Rc8 31. Rc1 Rc4 32. Ke2 Rxc1 33. Bxc1 Kf5
34. Kd3 Ke6 35. g4 g6 36. Ke4 Kd6 37. f4 Kc5 38. Be3+ Kc4 39. Bc1 Bg7 40. Ke3
Kd5 41. Kd3 Bd4 42. h3 Bg7 43. Ke3 Bf6 44. Kd3 Bd4 45. f5 gxf5 46. gxf5 Bf6 47.
Bd2 Bxb2 48. Bc3 Bxc3 0-1

[Event "C.to Provinciale CO"]
[Site "Como ITA"]
[Date "2001.02.23"]
[Round "7"]
[White "Orsenigo, Davide"]
[Black "Coppola, Guido"]
[Result "1/2-1/2"]
[WhiteElo "1555"]
[BlackElo "1860"]
[PlyCount "83"]
[EventDate "2001.01.12"]

1. e4 c5 2. Nf3 d6 3. d4 cxd4 4. Nxd4 Nf6 5. Nc3 a6 6. Be2 e6 7. O-O Be7 8. Be3
Qc7 9. a4 b6 10. f3 Bb7 11. Qd2 Nbd7 12. Nb3 d5 13. exd5 Nxd5 14. Nxd5 Bxd5 15.
Rac1 Bd6 16. h3 Ne5 17. Rfd1 Rd8 18. Kh1 O-O 19. Qe1 Bc4 20. Nd2 b5 21. axb5
axb5 22. Ne4 Bxe2 23. Qxe2 Nc4 24. Nxd6 Nxe3 25. Qxe3 Rxd6 26. Rxd6 Qxd6 27.
Qe2 Qc6 28. Qd3 Rc8 29. Kg1 Qb6+ 30. Kh1 g6 31. Rd1 Qc5 32. Rc1 Qe5 33. c3 Rc5
34. Qd8+ Kg7 35. Rd1 Rc4 36. Qd2 Qc5 37. Rc1 b4 38. Qe1 bxc3 39. Rxc3 Rxc3 40.
bxc3 h5 41. Qd2 Qd5 42. Qe1 1/2-1/2

[Event "C.to Provinciale CO"]
[Site "Como ITA"]
[Date "2001.02.23"]
[Round "7"]
[White "Palimento, Paolo"]
[Black "Tavasci, Alfio"]
[Result "1-0"]
[WhiteElo "1500"]
[BlackElo "1600"]
[PlyCount "53"]
[EventDate "2001.01.12"]

1. e4 e6 2. d4 d5 3. e5 c5 4. c3 Qb6 5. Nf3 Nc6 6. Be2 cxd4 7. cxd4 Bd7 8. O-O
Nh6 9. b3 Nf5 10. Bb2 Rc8 11. g4 Nh6 12. h3 Be7 13. Nc3 Qc7 14. Rc1 a6 15. Bd3
f6 16. Ne2 Nf7 17. Re1 Qb8 18. Ng3 O-O 19. Nh5 fxe5 20. Bxh7+ Kxh7 21. Qd3+ e4
22. Rxe4 Nb4 23. Qe3 Rxc1+ 24. Bxc1 dxe4 25. Qxe4+ Kg8 26. Qg6 Bf6 27. Nxf6+
1-0

[Event "C.to Provinciale CO"]
[Site "Como ITA"]
[Date "2001.02.23"]
[Round "7"]
[White "Pede, Lucio"]
[Black "Caprioglio, Marco"]
[Result "1/2-1/2"]
[WhiteElo "1630"]
[BlackElo "1528"]
[PlyCount "107"]
[EventDate "2001.01.12"]

1. e4 e6 2. d4 c5 3. d5 d6 4. Nf3 Nf6 5. Bd3 a6 6. c4 g6 7. Bg5 Bg7 8. Qd2 exd5
9. exd5 Qe7+ 10. Be2 Ne4 11. Bxe7 Nxd2 12. Nbxd2 Kxe7 13. O-O Re8 14. Bd3 Bxb2
15. Rae1+ Kd8 16. Rxe8+ Kxe8 17. Re1+ Kf8 18. Ne4 Bf5 19. Rb1 Bg7 20. Rxb7 Nd7
21. Nxd6 Bxd3 22. Rxd7 Rb8 23. Rxf7+ Kg8 24. Rb7 Rxb7 25. Nxb7 Bxc4 26. d6 Kf8
27. d7 Bf6 28. d8=Q+ Bxd8 29. Nxd8 Bxa2 30. Nb7 c4 31. Kf1 Ke7 32. Ke1 c3 33.
Na5 Kd6 34. Kd1 Bb1 35. Kc1 Bd3 36. Ne1 Bf5 37. Nc4+ Kc5 38. Ne3 Be6 39. Kc2
Kb4 40. Nd3+ Ka3 41. Kxc3 a5 42. Nc5 Bf7 43. Nc4+ Bxc4 44. Kxc4 h6 45. Kb5 a4
46. Kc4 g5 47. Kc3 h5 48. Ne4 Ka2 49. Nxg5 a3 50. Kc2 Ka1 51. Ne4 h4 52. Kb3 a2
53. Nc3 h3 54. Nd5 1/2-1/2

[Event "C.to Provinciale CO"]
[Site "Como ITA"]
[Date "2001.02.23"]
[Round "7"]
[White "Petetta, Roberto"]
[Black "Bernasconi, Roberto"]
[Result "0-1"]
[WhiteElo "1552"]
[BlackElo "2048"]
[PlyCount "60"]
[EventDate "2001.01.12"]

1. e4 e5 2. f4 exf4 3. Nf3 d6 4. Be2 Be7 5. O-O Nf6 6. Nc3 O-O 7. d4 Nc6 8. d5
Ne5 9. Bxf4 Ng6 10. Bd2 a6 11. Nd4 Nd7 12. Rf2 Bh4 13. g3 Bf6 14. Be3 Re8 15.
Qd2 Nc5 16. Raf1 Bh3 17. Re1 Nxe4 18. Nxe4 Rxe4 19. Bf3 Re8 20. Rfe2 Ne5 21.
Qb4 Nxf3+ 22. Nxf3 b6 23. Nd4 Re4 24. Qd2 Bd7 25. Qd3 Qe8 26. Bf2 Rxe2 27. Rxe2
Be5 28. Nf3 f6 29. Nxe5 fxe5 30. Qc4 Bb5 0-1

[Event "C.to Provinciale CO"]
[Site "Como ITA"]
[Date "2001.03.02"]
[Round "8"]
[White "Bellotto, Stefano"]
[Black "Orsenigo, Davide"]
[Result "1/2-1/2"]
[WhiteElo "1797"]
[BlackElo "1555"]
[PlyCount "70"]
[EventDate "2001.01.12"]

1. d4 Nf6 2. c4 c5 3. d5 b5 4. cxb5 a6 5. b6 d6 6. Nc3 Bb7 7. a4 Qxb6 8. a5 Qc7
9. e4 g6 10. Bc4 Bg7 11. Nge2 O-O 12. O-O Nbd7 13. f4 Ne8 14. Ra2 Bc8 15. b3
Qb8 16. Qd3 Nc7 17. Bd2 Bb7 18. Nd1 e5 19. f5 Qc8 20. g4 f6 21. h4 Qe8 22. Ng3
Bc8 23. Qf3 Nb5 24. Bxb5 axb5 25. b4 c4 26. Nc3 Nb8 27. h5 g5 28. Be3 Na6 29.
Rb1 Rf7 30. Bb6 h6 31. Nf1 Bf8 32. Ne3 Be7 33. Nc2 Bd7 34. Na3 Bd8 35. Qe3 Nc7
1/2-1/2

[Event "C.to Provinciale CO"]
[Site "Como ITA"]
[Date "2001.03.02"]
[Round "8"]
[White "Coppola, Guido"]
[Black "Pede, Lucio"]
[Result "1-0"]
[WhiteElo "1860"]
[BlackElo "1630"]
[PlyCount "117"]
[EventDate "2001.01.12"]

1. e4 e5 2. Nf3 Nc6 3. d4 exd4 4. Bc4 Be7 5. Nxd4 Ne5 6. Be2 d6 7. f4 Nc6 8.
Nxc6 bxc6 9. O-O d5 10. exd5 Bc5+ 11. Kh1 cxd5 12. Bb5+ Bd7 13. Re1+ Ne7 14.
Qxd5 Bf2 15. Bxd7+ Kf8 16. Rxe7 Kxe7 17. Bc6 Qxd5 18. Bxd5 Rad8 19. Bf3 Rhe8
20. g3 Kf8 21. Kg2 Be1 22. b3 Bb4 23. c3 Re1 24. Bb2 Bc5 25. b4 Bb6 26. c4 Rg1+
27. Kh3 c5 28. bxc5 Bxc5 29. Nc3 Rxa1 30. Bxa1 Rd3 31. Na4 Bb4 32. Bc6 f6 33.
Bb5 Ra3 34. Bd4 a6 35. Bc6 Rxa2 36. Bb6 Rc2 37. c5 Ra2 38. Kg4 g6 39. Kf3 Rxh2
40. Bb7 Ra2 41. c6 Bd6 42. Bc5 Bxc5 43. Nxc5 Rc2 44. Nxa6 Ke7 45. c7 Kd7 46.
c8=Q+ Rxc8 47. Bxc8+ Kxc8 48. Nb4 Kd7 49. Ke4 Ke6 50. Nc2 f5+ 51. Ke3 Kf6 52.
Nd4 g5 53. Nf3 h6 54. Kd4 Kg6 55. Ke5 gxf4 56. gxf4 Kh5 57. Nd4 Kg4 58. Nxf5 h5
59. Ke4 1-0

[Event "C.to Provinciale CO"]
[Site "Como ITA"]
[Date "2001.03.02"]
[Round "8"]
[White "Corti, Corrado"]
[Black "Napoli, Ferdinando"]
[Result "0-1"]
[WhiteElo "2034"]
[BlackElo "1537"]
[PlyCount "89"]
[EventDate "2001.01.12"]

1. e4 c5 2. Nf3 d6 3. d4 cxd4 4. Nxd4 Nf6 5. Nc3 a6 6. Bg5 e6 7. Be2 Be7 8. h4
Qc7 9. Qd2 Nbd7 10. O-O-O b5 11. Bf3 Bb7 12. Rhe1 Ne5 13. Nb3 O-O 14. Bxf6 Nc4
15. Qd3 Bxf6 16. Nd4 Rac8 17. Re2 h6 18. Rh1 d5 19. Kb1 b4 20. Nd1 dxe4 21.
Bxe4 Rfd8 22. Bxb7 Qxb7 23. Qf3 Qb6 24. Nb3 a5 25. Ne3 a4 26. Nxc4 Rxc4 27. Nc1
a3 28. Qb3 Qd4 29. Nd3 axb2 30. f3 Qd5 31. Nxb2 Rxh4 32. Rhe1 Qxb3 33. cxb3 Bc3
34. Rd1 Rhd4 35. Rxd4 Rxd4 36. Nc4 Rd8 37. Kc2 g6 38. a4 Kf8 39. Re3 Ke7 40. a5
Bd4 41. Rd3 h5 42. a6 f6 43. Rxd4 Rxd4 44. Nb6 Rd8 45. a7 0-1

[Event "C.to Provinciale CO"]
[Site "Como ITA"]
[Date "2001.03.02"]
[Round "8"]
[White "Palimento, Paolo"]
[Black "Lancianese, Giuseppe"]
[Result "0-1"]
[WhiteElo "1500"]
[BlackElo "1606"]
[PlyCount "54"]
[EventDate "2001.01.12"]

1. e4 c5 2. c3 d5 3. exd5 Qxd5 4. Nf3 e5 5. Bb5+ Bd7 6. Bxd7+ Nxd7 7. O-O Ne7
8. d3 Nc6 9. c4 Qe6 10. Nc3 Bd6 11. Ng5 Qg6 12. Nge4 f5 13. Nxd6+ Qxd6 14. f4
O-O 15. fxe5 Qxe5 16. Bf4 Qd4+ 17. Kh1 Nde5 18. Bxe5 Nxe5 19. Qe2 Rae8 20. Rad1
Ng4 21. Qf3 Kh8 22. Nd5 Qxb2 23. Rb1 Qd4 24. Qf4 Qxf4 25. Nxf4 b6 26. a4 Ne3
27. Rbe1 Nxf1 0-1

[Event "C.to Provinciale CO"]
[Site "Como ITA"]
[Date "2001.03.02"]
[Round "8"]
[White "Perissinotto, Claudio"]
[Black "Corti, Filippo"]
[Result "1-0"]
[WhiteElo "2108"]
[BlackElo "1633"]
[PlyCount "61"]
[EventDate "2001.01.12"]

1. e4 c6 2. d4 d5 3. Nd2 dxe4 4. Nxe4 Bf5 5. Ng3 Bg6 6. Bc4 e6 7. N1e2 Bd6 8.
h4 h6 9. Nf4 Bxf4 10. Bxf4 Nf6 11. h5 Bh7 12. Qe2 Qe7 13. O-O-O Nbd7 14. Kb1
Nd5 15. Bd2 O-O 16. Bd3 Bxd3 17. Qxd3 Rfd8 18. c4 N5f6 19. Qe2 Rac8 20. Bc3 Qf8
21. Rh4 c5 22. d5 exd5 23. cxd5 Re8 24. Qf3 Qd6 25. Nf5 Qa6 26. Qg3 Nxh5 27.
Rxh5 Qg6 28. Ka1 Qxg3 29. Nxg3 f6 30. Rh4 Kf7 31. Nf5 1-0

[Event "C.to Provinciale CO"]
[Site "Como ITA"]
[Date "2001.03.02"]
[Round "8"]
[White "Revinelli, Sergio"]
[Black "Buonocore, Elio"]
[Result "0-1"]
[WhiteElo "1669"]
[BlackElo "2091"]
[PlyCount "86"]
[EventDate "2001.01.12"]

1. e4 e5 2. Nf3 Nc6 3. Bc4 Bc5 4. c3 Nf6 5. d4 exd4 6. O-O Nxe4 7. cxd4 d5 8.
dxc5 dxc4 9. Qe2 Qd3 10. Re1 f5 11. Nc3 O-O 12. Nxe4 fxe4 13. Qxe4 Bf5 14. Qh4
Rae8 15. Bd2 Re4 16. Re3 Rxh4 17. Rxd3 cxd3 18. Nxh4 Nd4 19. Nxf5 Rxf5 20. Be3
Nc2 21. Rc1 c6 22. g3 Nxe3 23. fxe3 Rxc5 24. Rd1 Rd5 25. Kf2 Kf7 26. e4 Rd7 27.
Ke3 d2 28. a4 Ke6 29. Rxd2 Rxd2 30. Kxd2 Kd6 31. Kd3 b6 32. b3 a6 33. Ke3 c5
34. Kd2 b5 35. a5 Ke5 36. Kd3 g6 37. h3 h6 38. h4 g5 39. Ke3 g4 40. Kd3 h5 41.
Ke3 c4 42. b4 c3 43. Kd3 c2 0-1

[Event "C.to Provinciale CO"]
[Site "Como ITA"]
[Date "2001.03.02"]
[Round "8"]
[White "Rossi, Giampiero"]
[Black "Bernasconi, Roberto"]
[Result "1/2-1/2"]
[WhiteElo "2174"]
[BlackElo "2048"]
[PlyCount "88"]
[EventDate "2001.01.12"]

1. d4 Nf6 2. c4 g6 3. g3 Bg7 4. Bg2 O-O 5. Nc3 d6 6. Nf3 Nbd7 7. O-O c5 8. b3
a6 9. Bb2 Rb8 10. Qd2 b6 11. Rfd1 Bb7 12. d5 Re8 13. h3 h6 14. e3 Qc7 15. Ne1
Rbd8 16. Nd3 Nf8 17. Re1 e5 18. e4 N6h7 19. f3 Bc8 20. Nf2 f5 21. Rad1 Nf6 22.
Kh2 N8h7 23. Qe2 g5 24. g4 f4 25. Rb1 Bd7 26. a3 a5 27. Bc1 Bf8 28. Bd2 Ra8 29.
Rec1 Reb8 30. Be1 Be7 31. Nd3 Rb7 32. Bf2 Nf8 33. Rc2 Qc8 34. a4 Ng6 35. Rd1
Ne8 36. Nb5 Nc7 37. Nxc7 Qxc7 38. Rcd2 Rd8 39. Be1 Be8 40. Nc1 Bf7 41. Na2 Qb8
42. Nc3 Rbd7 43. Bf2 Kg7 44. Be1 Kg8 1/2-1/2

[Event "C.to Provinciale CO"]
[Site "Como ITA"]
[Date "2001.03.02"]
[Round "8"]
[White "Rossi, Silio"]
[Black "Grassetto, Gilberto"]
[Result "0-1"]
[WhiteElo "1522"]
[BlackElo "1543"]
[PlyCount "66"]
[EventDate "2001.01.12"]

1. b4 Nf6 2. Bb2 e6 3. a3 d5 4. e3 Nbd7 5. Nf3 Be7 6. Bb5 c6 7. Ba4 b5 8. Bb3
Bb7 9. O-O c5 10. c3 c4 11. Bc2 O-O 12. Nd4 a6 13. a4 e5 14. Nf5 Nb6 15. a5 Nc8
16. d4 e4 17. h3 Nd6 18. Nxe7+ Qxe7 19. Re1 Bc8 20. f4 exf3 21. Qxf3 Nfe4 22.
Qh5 f5 23. Qf3 g5 24. Nd2 g4 25. Qe2 gxh3 26. Nxe4 fxe4 27. Qh5 Rf5 28. Qe2 Rg5
29. Qd1 Rxg2+ 30. Kh1 Bf5 31. Rg1 Qg5 32. Qd2 Rxg1+ 33. Kh2 Qg3# 0-1

[Event "XXI Festival Conca della Presolana B"]
[Site "Bratto - Castione della Presolana ITA"]
[Date "2001.08.29"]
[Round "7"]
[White "Pulvirenti, Gianni"]
[Black "Masotti, Roberto"]
[Result "0-1"]
[WhiteElo "1651"]
[BlackElo "1639"]
[PlyCount "100"]
[EventDate "2001.08.23"]

1. c4 c6 2. g3 d5 3. cxd5 cxd5 4. Bg2 Nc6 5. Nf3 Nf6 6. O-O Bg4 7. d3 e6 8. Bg5
Be7 9. Nc3 O-O 10. Rc1 h6 11. Bd2 Rc8 12. a3 e5 13. Qa4 d4 14. Na2 e4 15. dxe4
Nxe4 16. Be1 Nc5 17. Qd1 d3 18. exd3 Nxd3 19. Rc3 Bf5 20. b4 Bf6 21. Rb3 Nxe1
22. Qxe1 Be6 23. Qb1 Bxb3 24. Qxb3 Nd4 25. Nxd4 Qxd4 26. Bxb7 Qc4 27. Qb1 Rcd8
28. b5 Rd2 29. Nb4 Qxb5 30. Bc6 Qb6 31. Qe4 Rd6 32. Bd5 Rfd8 33. Ba2 Qd4 34.
Qf5 Qe5 35. Qc2 Rd2 36. Qc4 Qe8 37. Qc7 R8d7 38. Qa5 Qd8 39. Qf5 R7d6 40. Rc1
Rd1+ 41. Rxd1 Rxd1+ 42. Kg2 Qd7 43. Qh5 Rd2 44. Qf3 a5 45. Qa8+ Bd8 46. Nc6
Rxa2 47. Nxd8 Kh7 48. Qxa5 Qd3 49. Qc7 Qe4+ 50. Kh3 Rxf2 0-1

[Event "C.to Provinciale LE 2002"]
[Site "Gallipoli ITA"]
[Date "2001.12.22"]
[Round "4"]
[White "Guercia Sammarco, Elio"]
[Black "Merola, Andrea"]
[Result "1-0"]
[WhiteElo "1633"]
[BlackElo "1584"]
[PlyCount "87"]
[EventDate "2001.12.15"]

1. d4 Nf6 2. c4 e6 3. Nc3 Bb4 4. Bg5 h6 5. Bh4 c5 6. d5 g5 7. Bg3 Ne4 8. Qc2
Nxg3 9. hxg3 Qf6 10. e3 Na6 11. O-O-O Bxc3 12. Qxc3 Qxc3+ 13. bxc3 e5 14. Nf3
d6 15. Nxg5 Ke7 16. Be2 Bf5 17. Nf3 Rag8 18. Rh2 Bg4 19. Rdh1 Rg6 20. Kd2 Rf6
21. Rh4 Bc8 22. Bd3 Nb8 23. g4 Rg8 24. Rxh6 Rxh6 25. Rxh6 Bxg4 26. Nh4 Nd7 27.
f3 e4 28. Be2 exf3 29. gxf3 Bh3 30. f4 Nf6 31. Kd3 Bd7 32. Nf3 Bf5+ 33. Kd2
Ne4+ 34. Ke1 Nxc3 35. Ng5 Nxa2 36. e4 Bd7 37. Bh5 Be8 38. Rh7 Rf8 39. e5 a5 40.
exd6+ Kxd6 41. Bxf7 a4 42. Ne4+ Ke7 43. Be6+ Kd8 44. Nxc5 1-0

[Event "C.to Sociale 2001"]
[Site "Lecce ITA"]
[Date "2002.01.??"]
[Round "6"]
[White "Patavia, Antonio"]
[Black "Guido, Andrea"]
[Result "0-1"]
[WhiteElo "2098"]
[BlackElo "1645"]
[PlyCount "62"]
[EventDate "2001.12.29"]

1. e4 c5 2. Nf3 e6 3. d4 cxd4 4. Nxd4 Nf6 5. Bd3 Nc6 6. Nxc6 bxc6 7. O-O d5 8.
Nd2 Bc5 9. c4 O-O 10. e5 Nd7 11. Nf3 f6 12. Bf4 g5 13. Be3 Bxe3 14. fxe3 fxe5
15. Be2 Ba6 16. Qc2 g4 17. Nd2 Qg5 18. Qc3 c5 19. Qa3 Kh8 20. Rad1 Rxf1+ 21.
Rxf1 Bb7 22. Rf7 Bc6 23. Qd3 e4 24. Qc3+ Kg8 25. Rf4 h5 26. cxd5 exd5 27. Qa3
Rf8 28. Qa6 Rxf4 29. exf4 Qf6 30. Nb3 Qxb2 31. Qxc6 31... Qxe2 $138 0-1